000 00508nam a2200205Ia 4500
005 20140318084008.0
008 140130s9999 xx 000 0 und d
020 _a059004320X
050 _aPZ 73
_b.T376 1997
100 _aTello, Jerry
_931447
245 _cTello, Jerry
_aAbuelo y los tres osos /
260 _bScholastic,
_c1997.
_aNew York :
300 _a16 p. :
_bcol. ill. ;
_c26 cm.
440 _v1
521 _aG4
526 _c620
942 _cBK
_2lcc
999 _c42072
_d42072